LEADER 00985nam 2200253la 450 001 9910481277003321 005 20230503094824.0 035 $a(UK-CbPIL)2090342799 035 $a(CKB)5500000000095871 035 $a(EXLCZ)995500000000095871 100 $a20230503d1618 uy | 101 0 $alat 135 $aurcn||||a|bb| 200 13$a2: Ioan. Iac. Chiffletii ... Vesontionis pars altera, de archiepiscopis Bisontinis, et aliis ciuitatis Bisontinae ecclesiasticis rebus. . 210 $aLyon $c[s.n.]$d1618 215 $aOnline resource (328, [16] p., [2] c. di tav.) 300 $aReproduction of original in Biblioteca Nazionale Centrale di Firenze. 700 $aChifflet$b Jean-Jacques$f1588-1660.$0717982 801 0$bUk-CbPIL 801 1$bUk-CbPIL 906 $aBOOK 912 $a9910481277003321 996 $a2: Ioan. Iac. Chiffletii ... Vesontionis pars altera, de archiepiscopis Bisontinis, et aliis ciuitatis Bisontinae ecclesiasticis rebus.$92228602 997 $aUNINA